00213nam a22000977a 4500082001400000100001100014245003900025250000800064260003400072300000900106 a540 HUM'C aHUM, R aCHEMISTRY FOR ENGINEERING STUDENTS a2nd aLONDONbCHARLES GRIFFINc1959 a857P